00363 2200157 4500001002100000005001500021035002000036245005200056100002700108250000600135300001200141260001800153082000800171084001400179990001200193INLIS00000000000254920250604124444 a0010-06250001351 aCitra Diri Orang Jawa /cSuryanto Sastroatmodjo0 aSuryanto Sastroatmodjo a1 a136 hlm bNarasi,c2006 a300 a300 SUR c a0712332